000
00270nam a2200109Ia 4500
008
190216s9999||||xx |||||||||||||| ||und||
100
_a
Harnan Singh El En More
245
0
_a
Kalisambathum Kozhivalarthalum
260
_b
Bhasha Institute
650
_a
Botany
942
_c
BK
999
_c
40356
_d
40356